00236nam a2200085Ia 4500008004100000041000800041100002200049245004600071260003300117241105s9999 xx 000 0 und d aeng aDeshpande Meghana aSchool Of Music : Indian Classical Violin bFourth Year CAID, Punec2014